Muž v karanténě /

V knize českého herce, dramaturga a moderátora najdeme fejetony, které mají souvislost s obdobím pandemie covid-19. Byly už dříve vydány časopisecky či uvedeny v jiné formě.

Hlavní autor: Vydra, Petr, 1972-
Jazyk: Čeština
Vydáno: Praha : Euromedia Group, 2021
Vydání: Vydání první
Témata:
Fyzický popis: 195 stran : ilustrace ; 21 cm
Knihy
Uloženo v:
LEADER 02334nam a2200433 i 4500
001 nkc20213321716
003 CZ PrNK
005 20210728083447.0
007 ta
008 210617s2021 xr a g 000 jdcze
015 |a cnb003321716 
020 |a 978-80-242-7505-5  |q (vázáno) :  |c Kč 259,00 
035 |a (OCoLC)1263274902 
040 |a ABG001  |b cze  |d ABA001  |e rda 
072 7 |a 821.162.3-3  |x Česká próza  |2 Konspekt  |9 25 
080 |a 821.162.3-32  |2 MRF 
080 |a (0:82-32)  |2 MRF 
080 |a (0:82-4)  |2 MRF 
100 1 |a Vydra, Petr,  |d 1972-  |7 kup20030000117361  |4 aut 
245 1 0 |a Muž v karanténě /  |c Petr Vydra 
250 |a Vydání první 
264 1 |a Praha :  |b Euromedia Group,  |c 2021 
300 |a 195 stran :  |b ilustrace ;  |c 21 cm 
336 |a text  |b txt  |2 rdacontent 
337 |a bez média  |b n  |2 rdamedia 
338 |a svazek  |b nc  |2 rdacarrier 
500 |a Na obálce uvedeno nakladatelství: Brána 
520 2 |a V knize českého herce, dramaturga a moderátora najdeme fejetony, které mají souvislost s obdobím pandemie covid-19. Byly už dříve vydány časopisecky či uvedeny v jiné formě.  |b Knížka se skládá z uzavřených příběhů, z nichž mnohé vznikly v době pandemie a humornou formou reflektují nejrůznější nástrahy a výzvy, jež vypravěči, jeho okolí i celé společnosti nastražila. Přestože má každý příběh svoji vlastní pointu a většinou nenalézá přímé pokračování v další kapitole, stává se kniha zároveň jakousi nezáměrnou, spíše bezděčnou kronikou roku 2020 a první poloviny roku 2021. Většinou se však jedná o příslovečné malé dějiny na pozadí velkých a málokdy je tomu v knížce naopak. Kromě toho, že jednotlivé texty vyšly časopisecky, se pár z nich ohřálo i ve světle ramp, neboť se částečně kryjí s monology standupových vystoupení. Nakladatelská anotace. Kráceno. 
655 7 |a české příběhy  |7 fd133973  |2 czenas 
655 7 |a fejetony  |7 fd132252  |2 czenas 
655 9 |a Czech stories  |2 eczenas 
655 9 |a feuilletons  |2 eczenas 
910 2 |a BOA001  |b 2-1469.229 
928 9 |a Euromedia Group - Brána 
928 9 |a Brána 
990 |a BK 
995 |a 01 
991 |b 202107  |c NOV 
996 6 |b 2610871333  |c 2-1469.229  |l MZK  |r Sklad / do 1 hodiny  |n 0  |p p.v.  |w 001857167  |u 000010  |a 1  |e BOA001  |j MZK50  |s P